书目信息 |
| 题名: |
创业兵法
|
|
| 作者: | 龙鑫铭 编著 | |
| 分册: | ||
| 出版信息: | 北京 地震出版社 2006 |
|
| 页数: | 244 | |
| 开本: | 23cm | |
| 丛书名: | ||
| 单 册: | ||
| 中图分类: | F270-49 | |
| 科图分类: | ||
| 主题词: | 企业经济 | |
| 电子资源: | ||
| ISBN: | 7-5028-2984-9 | |
| 000 | 00615nam0 2200193 450 | |
| 001 | 0760515518 | |
| 005 | 20070817164835.51 | |
| 010 | @a7-5028-2984-9@d¥28.00 | |
| 100 | @a20070817d km y0chiy0120 ea | |
| 101 | 0 | @achi |
| 200 | 1 | @a创业兵法@Achuang ye bing fa@e成功创业者的8堂兵法课@f龙鑫铭编著@Flong xin ming bian zhu |
| 210 | @a北京@c地震出版社@d2006 | |
| 215 | @a244@d23cm | |
| 517 | 1 | @a成功创业者的8堂兵法课@Acheng gong chuang ye zhe de 8 tang bing fa ke |
| 606 | 0 | @a企业经济 |
| 690 | @aF270-49@v3 | |
| 701 | 0 | @a龙鑫铭@Along xin ming@4编著 |
| 801 | 0 | @aCN@bPFT@c20070817 |
| 905 | @a213230@dF270-49@eg222@f1 | |
| 创业兵法:成功创业者的8堂兵法课/龙鑫铭编著.-北京:地震出版社,2006 |
| 244;23cm |
| ISBN 7-5028-2984-9:¥28.00 |
| ● |
| 相关链接 |
|
|
|
|
正题名:创业兵法
索取号:F270-49/g222
 
预约/预借
| 序号 | 登录号 | 条形码 | 馆藏地/架位号 | 状态 | 备注 |
| 1 | 6502838 | 26528383 | 经管系资料室/ [索取号:F270-49/g222] | 在馆 | |
| 2 | 6502839 | 265028392 | 密集书库-海洋学院/ [索取号:F270-49/g222] | 在馆 |